[Event "SG Eintracht Neubrandenburg-Aachener SV "]
[Site "DVM U14 in Arendsee"]
[Date "2009.12.30"]
[Round "7.1"]
[White "Titgemeyer, Sven"]
[Black "Stövesand, Eric"]
[Result "1-0"]
[WhiteElo "1907"]
[BlackElo "1889"]
[PlyCount "105"]
[EventDate "2009.??.??"]
[WhiteTeam "Aachener SV 1856"]
[BlackTeam "SG Eintracht Neubrandenburg"]

1. e4 e5 2. Nf3 Nc6 3. Bb5 a6 4. Ba4 Nf6 5. Qe2 Be7 6. O-O b5 7. Bb3 d6 8. h3
O-O 9. c3 Na5 10. Bc2 c5 11. Rd1 Qc7 12. d4 cxd4 13. cxd4 Nc6 14. a3 Bd7 15.
Nc3 Rac8 16. Bg5 h6 17. dxe5 Nxe5 18. Bxf6 Bxf6 19. Nd4 Nc6 20. Nxc6 Bxc6 21.
Bb3 Bxc3 22. bxc3 Rfe8 23. f3 Bb7 24. Qa2 Re7 25. Rac1 Rd7 26. Kh1 Qc5 27. c4
Qg5 28. Rb1 bxc4 29. Bxc4 Qg6 30. Rxb7 Rxb7 31. Bxa6 Rbc7 32. Bxc8 Rxc8 33. a4
Ra8 34. a5 Ra6 35. Rd5 Qe6 36. Qe2 Ra7 37. Qb2 Ra8 38. Qb6 Qf6 39. Rd1 Qd8 40.
Rxd6 Qc8 41. Rd1 Qc2 42. Rd8+ Rxd8 43. Qxd8+ Kh7 44. Qd6 Qa2 45. a6 Qa5 46. Kh2
Qa1 47. e5 Qa2 48. Qb6 Qa1 49. a7 Qxe5+ 50. Kh1 Qa1+ 51. Qg1 Qa2 52. Qd4 g6 53.
Qc5 1-0

[Event "SG Eintracht Neubrandenburg-Aachener SV "]
[Site "DVM U14 in Arendsee"]
[Date "2009.12.30"]
[Round "7.2"]
[White "Baier, Christoph"]
[Black "Falter, Lennart"]
[Result "0-1"]
[WhiteElo "1846"]
[BlackElo "1861"]
[PlyCount "70"]
[EventDate "2009.??.??"]
[WhiteTeam "SG Eintracht Neubrandenburg"]
[BlackTeam "Aachener SV 1856"]

1. d4 d5 2. c4 e6 3. Nc3 c5 4. cxd5 exd5 5. Nf3 Nc6 6. g3 Nf6 7. Bg2 Be7 8. O-O
O-O 9. Bg5 cxd4 10. Nxd4 Be6 11. Qa4 Qb6 12. Nxc6 bxc6 13. b3 h6 14. Be3 c5 15.
Nd1 Rac8 16. Nb2 Ng4 17. Bxd5 Nxe3 18. Bxe6 Qxe6 19. fxe3 Bf6 20. Nc4 Bxa1 21.
Rxa1 Qe7 22. Qa5 Rfd8 23. Rf1 Rd7 24. Qc3 Rcd8 25. Ne5 Rd1 26. Nc4 Rxf1+ 27.
Kxf1 Rd1+ 28. Kf2 Qe4 29. Ne5 Qh1 30. e4 Qxh2+ 31. Kf3 Rf1+ 32. Ke3 Qxg3+ 33.
Nf3 Qf2+ 34. Kd2 Qg3 35. Qxc5 Qf4+ 0-1

[Event "SG Eintracht Neubrandenburg-Aachener SV "]
[Site "DVM U14 in Arendsee"]
[Date "2009.12.30"]
[Round "7.3"]
[White "Hagmanns, Raphael"]
[Black "Valet, Alexander"]
[Result "1/2-1/2"]
[WhiteElo "1578"]
[BlackElo "1781"]
[PlyCount "87"]
[EventDate "2009.??.??"]
[WhiteTeam "Aachener SV 1856"]
[BlackTeam "SG Eintracht Neubrandenburg"]

1. e4 d5 2. exd5 Qxd5 3. Nc3 Qa5 4. d4 c6 5. Bc4 Bf5 6. Bd2 Qc7 7. g4 Bg6 8. f4
e6 9. Qe2 Be7 10. O-O-O h5 11. g5 Nd7 12. h4 O-O-O 13. Kb1 Nb6 14. Bxe6+ Kb8
15. Bh3 f6 16. f5 Bf7 17. g6 Bd5 18. Nxd5 Nxd5 19. Nf3 Bd6 20. c4 Nde7 21. Bc1
Bf4 22. Bxf4 Qxf4 23. Qh2 Qxh2 24. Nxh2 Nh6 25. Rhf1 Rhe8 26. Kc2 Nc8 27. Kc3
Nd6 28. Rf4 Re3+ 29. Rd3 Ne4+ 30. Kc2 Re2+ 31. Kd1 Rxh2 32. Rxe4 Rxb2 33. a3
Rf2 34. Re7 Rg8 35. d5 cxd5 36. cxd5 Nxf5 37. Bxf5 Rxf5 38. d6 Kc8 39. Rc7+ Kb8
40. Re7 Kc8 41. Rc7+ Kb8 42. Re7 Kc8 43. Rc7+ Kb8 44. Re7 1/2-1/2

[Event "SG Eintracht Neubrandenburg-Aachener SV "]
[Site "DVM U14 in Arendsee"]
[Date "2009.12.30"]
[Round "7.4"]
[White "Stövesand, Peter"]
[Black "Ucaroglu, Melih Furkan"]
[Result "0-1"]
[WhiteElo "1613"]
[BlackElo "1392"]
[PlyCount "50"]
[EventDate "2009.??.??"]
[WhiteTeam "SG Eintracht Neubrandenburg"]
[BlackTeam "Aachener SV 1856"]

1. e4 e5 2. Nf3 Nc6 3. Bb5 a6 4. Ba4 Nf6 5. O-O b5 6. Bb3 Be7 7. Re1 d6 8. h3
O-O 9. c3 Na5 10. Bc2 c5 11. d3 Qc7 12. Nbd2 Nc6 13. Nf1 h6 14. Ng3 Ne8 15. d4
cxd4 16. cxd4 Nxd4 17. Nxd4 exd4 18. b3 Bf6 19. Bb2 d3 20. Qxd3 Bxb2 21. Rab1
Be5 22. Ne2 g6 23. f4 Bg7 24. Ng3 Qc3 25. Qe2 Qxg3 0-1

[Event "USV TU Dresden-SF Köln-Mülheim"]
[Site "DVM U14 in Arendsee"]
[Date "2009.12.30"]
[Round "7.1"]
[White "Pauly, Carlo"]
[Black "Osmanodja, Filiz"]
[Result "0-1"]
[WhiteElo "1993"]
[BlackElo "2034"]
[PlyCount "94"]
[EventDate "2009.??.??"]
[WhiteTeam "SF Köln-Mülheim"]
[BlackTeam "USV TU Dresden"]

1. c4 e5 2. g3 Nf6 3. Bg2 Nc6 4. Nc3 Bb4 5. Nd5 a5 6. Nxb4 axb4 7. b3 Qe7 8.
Bb2 O-O 9. d3 Ra5 10. e4 b6 11. Ne2 Bb7 12. O-O Rfa8 13. Qb1 Qc5 14. h3 Ne7 15.
Kh2 Ng6 16. Bc1 Nh5 17. Bf3 Nf6 18. Bg2 R8a7 19. Be3 Qf8 20. f4 exf4 21. Nxf4
Nxf4 22. Bxf4 d6 23. Qb2 Qa8 24. Rf2 Nd7 25. Qc2 Nc5 26. Bc1 Ne6 27. Be3 Nc5
28. Bc1 b5 29. cxb5 Qe8 30. Be3 Qxb5 31. d4 Ne6 32. Raf1 Rxa2 33. Qxa2 Rxa2 34.
Rxa2 Bxe4 35. Re1 Bxg2 36. Kxg2 Qd5+ 37. Kg1 h6 38. Rb2 Nxd4 39. Bxd4 Qxd4+ 40.
Rf2 Qc3 41. Re8+ Kh7 42. Kh2 f6 43. Re7 c5 44. Rd7 Qxb3 45. Rxd6 c4 46. Rc6 c3
47. h4 Qb2 0-1

[Event "USV TU Dresden-SF Köln-Mülheim"]
[Site "DVM U14 in Arendsee"]
[Date "2009.12.30"]
[Round "7.2"]
[White "Neef, Maximilian"]
[Black "Eigemann, Frederik"]
[Result "1/2-1/2"]
[WhiteElo "1859"]
[BlackElo "1900"]
[PlyCount "35"]
[EventDate "2009.??.??"]
[WhiteTeam "USV TU Dresden"]
[BlackTeam "SF Köln-Mülheim"]

1. d4 Nf6 2. c4 e6 3. Nf3 c5 4. d5 exd5 5. cxd5 d6 6. Nc3 g6 7. e4 Bg7 8. h3 a6
9. a4 O-O 10. Bd3 Re8 11. O-O Qc7 12. Bf4 Nbd7 13. Re1 Rb8 14. Nd2 Nh5 15. Bh2
Be5 16. Bf1 Qd8 17. g3 Qf6 18. Nf3 1/2-1/2

[Event "USV TU Dresden-SF Köln-Mülheim"]
[Site "DVM U14 in Arendsee"]
[Date "2009.12.30"]
[Round "7.3"]
[White "Eigemann, Julian"]
[Black "Pfefferkorn, Kai"]
[Result "1-0"]
[WhiteElo "1851"]
[BlackElo "1530"]
[PlyCount "109"]
[EventDate "2009.??.??"]
[WhiteTeam "SF Köln-Mülheim"]
[BlackTeam "USV TU Dresden"]

1. e4 e6 2. d3 d5 3. Nd2 Nf6 4. Ngf3 b6 5. g3 dxe4 6. dxe4 Bb7 7. Qe2 Nbd7 8.
Bg2 Bc5 9. O-O O-O 10. Nh4 a5 11. Nb3 Ba6 12. c4 Ne5 13. Rd1 Qe7 14. Nxc5 Bxc4
15. Qc2 Qxc5 16. b3 Ba6 17. Qxc5 bxc5 18. Ba3 Rfd8 19. Bxc5 Bb7 20. Bd4 Ng6 21.
Nxg6 hxg6 22. e5 Nd5 23. Rac1 c6 24. f4 Rdc8 25. a3 Kf8 26. Kf2 Ke8 27. Bc5 Kd7
28. Bd6 Kd8 29. h4 Kd7 30. Bh3 Ke8 31. Rc5 Kd7 32. Rd4 Ra6 33. Bf1 Ra7 34. Ra4
Rca8 35. Rc2 Nb6 36. Rd4 Kc8 37. Bg2 Nd5 38. Bc5 Ra6 39. Bf1 Kc7 40. Bxa6 Rxa6
41. Bd6+ Kb6 42. Bf8 Ra8 43. Bd6 Ra6 44. Ra4 Ra8 45. b4 axb4 46. Rxa8 Bxa8 47.
Bxb4 Bb7 48. Bc5+ Kc7 49. Bf8 Ba6 50. Bxg7 Bb5 51. Bf8 Kb6 52. Kf3 Kc7 53. g4
Kd7 54. h5 Ba4 55. h6 1-0

[Event "USV TU Dresden-SF Köln-Mülheim"]
[Site "DVM U14 in Arendsee"]
[Date "2009.12.30"]
[Round "7.4"]
[White "Teich, Thomas"]
[Black "Rahmen, Christian"]
[Result "1/2-1/2"]
[WhiteElo "1496"]
[BlackElo "1223"]
[PlyCount "21"]
[EventDate "2009.??.??"]
[WhiteTeam "USV TU Dresden"]
[BlackTeam "SF Köln-Mülheim"]

1. e4 Nf6 2. e5 Nd5 3. d4 d6 4. Nf3 Bf5 5. c4 Nb6 6. Nc3 Nc6 7. Bf4 g6 8. Be2
Bg7 9. O-O O-O 10. Re1 Nb4 11. Rc1 1/2-1/2

[Event "SC Forchheim-SG Königskinder Hohentübing"]
[Site "DVM U14 in Arendsee"]
[Date "2009.12.30"]
[Round "7.1"]
[White "Estedt, Jonathan"]
[Black "Mons, Leon"]
[Result "0-1"]
[WhiteElo "1788"]
[BlackElo "2119"]
[PlyCount "76"]
[EventDate "2009.??.??"]
[WhiteTeam "SG Königskinder Hohentübingen"]
[BlackTeam "SC Forchheim"]

1. d4 Nf6 2. Nf3 e6 3. e3 d5 4. Bd3 c5 5. c3 Nc6 6. Nbd2 Be7 7. O-O O-O 8. dxc5
Bxc5 9. e4 b6 10. exd5 Qxd5 11. Qe2 Rd8 12. Bc2 a5 13. b3 Ba6 14. c4 Nb4 15.
Ne4 Nxc2 16. Nxf6+ gxf6 17. Qxc2 Qd3 18. Qxd3 Rxd3 19. Bb2 e5 20. Rfd1 Rad8 21.
Rxd3 Rxd3 22. Ne1 Rd2 23. Bc3 Bxf2+ 24. Kf1 Bxe1 25. Bxd2 Bxd2 26. Rd1 Be3 27.
Rd8+ Kg7 28. Rb8 a4 29. Ke2 axb3 30. axb3 Bd4 31. Kd3 b5 32. b4 bxc4+ 33. Kc2
e4 34. b5 Be5 35. Rb6 Bc8 36. Rc6 Bf5 37. Rc5 e3+ 38. Kd1 Bd3 0-1

[Event "SC Forchheim-SG Königskinder Hohentübing"]
[Site "DVM U14 in Arendsee"]
[Date "2009.12.30"]
[Round "7.2"]
[White "Stephan, Michael"]
[Black "Jansen, Lauritz"]
[Result "1-0"]
[WhiteElo "1742"]
[BlackElo "1655"]
[PlyCount "59"]
[EventDate "2009.??.??"]
[WhiteTeam "SC Forchheim"]
[BlackTeam "SG Königskinder Hohentübingen"]

1. e4 c5 2. c3 Nf6 3. e5 Nd5 4. Bc4 Qc7 5. Nf3 Nb6 6. Bb3 Nc6 7. d4 cxd4 8.
cxd4 e6 9. Bf4 Nd5 10. Bxd5 exd5 11. Nc3 Bb4 12. Rc1 d6 13. O-O Be6 14. Nb5 Qd7
15. a3 dxe5 16. Nxe5 Nxe5 17. Nc7+ Ke7 18. axb4 Ng6 19. Nxa8 Nxf4 20. Rc7 Rxa8
21. Rxd7+ Bxd7 22. Qf3 g5 23. g3 Nh3+ 24. Kg2 g4 25. Re1+ Kf8 26. Qf6 Kg8 27.
Re7 Be6 28. Rxe6 fxe6 29. Qxe6+ Kh8 30. Qxg4 1-0

[Event "SC Forchheim-SG Königskinder Hohentübing"]
[Site "DVM U14 in Arendsee"]
[Date "2009.12.30"]
[Round "7.3"]
[White "Müller, Nils Samuel"]
[Black "Nöttling, Dominik"]
[Result "1/2-1/2"]
[WhiteElo "1576"]
[BlackElo "1688"]
[PlyCount "74"]
[EventDate "2009.??.??"]
[WhiteTeam "SG Königskinder Hohentübingen"]
[BlackTeam "SC Forchheim"]

1. d4 Nf6 2. Nf3 e6 3. Bf4 b6 4. h3 Bb7 5. e3 d6 6. c3 Nbd7 7. Be2 Be7 8. Nbd2
O-O 9. O-O Re8 10. Bh2 Ne4 11. Nxe4 Bxe4 12. Bd3 Bb7 13. e4 Nf6 14. Re1 c5 15.
Rc1 a6 16. Bb1 b5 17. dxc5 dxc5 18. e5 Qxd1 19. Rcxd1 Bxf3 20. gxf3 Nd5 21. Be4
Red8 22. f4 Rab8 23. f5 Nc7 24. Bg3 Rxd1 25. Rxd1 Rd8 26. Rxd8+ Bxd8 27. Kf1 a5
28. f4 exf5 29. Bxf5 Nd5 30. Ke2 c4 31. Be4 Nb6 32. b3 cxb3 33. axb3 a4 34.
bxa4 Nxa4 35. Kd3 Ba5 36. Be1 Nc5+ 37. Ke3 Na4 1/2-1/2

[Event "SC Forchheim-SG Königskinder Hohentübing"]
[Site "DVM U14 in Arendsee"]
[Date "2009.12.30"]
[Round "7.4"]
[White "Förstel, Markus"]
[Black "Reimer, Benedict"]
[Result "1/2-1/2"]
[WhiteElo "1382"]
[BlackElo "1447"]
[PlyCount "140"]
[EventDate "2009.??.??"]
[WhiteTeam "SC Forchheim"]
[BlackTeam "SG Königskinder Hohentübingen"]

1. e4 c5 2. Nf3 e6 3. d4 cxd4 4. Nxd4 a6 5. Nc3 Qc7 6. a3 b6 7. Be3 Bb7 8. g3
Nf6 9. Bg2 Be7 10. Qe2 O-O 11. f4 d6 12. O-O-O Rd8 13. e5 Ne8 14. h4 d5 15. h5
Bxa3 16. Kb1 Bb4 17. Bd2 Nc6 18. Nxc6 Bxc6 19. Na2 Bb5 20. Qg4 Bxd2 21. Rxd2
Rdc8 22. Qd1 a5 23. g4 Bc6 24. g5 a4 25. Bh3 Bd7 26. Qg4 Qc4 27. g6 h6 28.
gxf7+ Kxf7 29. Qg6+ Kg8 30. Bxe6+ Bxe6 31. Qxe6+ Kh8 32. Qxd5 Qxf4 33. Qd4 Qf3
34. Rdd1 Rd8 35. Qg1 Rxd1+ 36. Qxd1 Qc6 37. Rf1 Nc7 38. Nb4 Qc4 39. c3 Nb5 40.
Na2 a3 41. b3 Nxc3+ 42. Ka1 Nxd1 43. bxc4 Ne3 44. Rf3 Nxc4 45. e6 Re8 46. Rf4
Nd2 47. Nc1 Rxe6 48. Rd4 Re1 49. Rxd2 Rxc1+ 50. Ka2 Rc7 51. Kxa3 Rb7 52. Kb4 b5
53. Rd8+ Kh7 54. Rd6 Rf7 55. Rd5 Rf4+ 56. Kxb5 Rg4 57. Kc5 Rg5 58. Kd4 Kh8 59.
Ke4 Rg1 60. Kf3 Kg8 61. Rf5 Rf1+ 62. Kg4 Rxf5 63. Kxf5 Kf7 64. Ke5 Ke7 65. Kf5
Kf7 66. Ke5 g6 67. hxg6+ Kg7 68. Kf5 h5 69. Kg5 h4 70. Kxh4 Kxg6 1/2-1/2

[Event "FC Ergolding 1932-SV Merseburg"]
[Site "DVM U14 in Arendsee"]
[Date "2009.12.30"]
[Round "7.1"]
[White "Gering, Samuel"]
[Black "Oberpriller, Johannes"]
[Result "1-0"]
[WhiteElo "1915"]
[BlackElo "1735"]
[PlyCount "61"]
[EventDate "2009.??.??"]
[WhiteTeam "SV Merseburg"]
[BlackTeam "FC Ergolding 1932"]

1. d4 d5 2. c4 e6 3. Nc3 Nf6 4. cxd5 exd5 5. Bg5 c6 6. e3 Bd6 7. Bd3 Nbd7 8.
Nf3 O-O 9. O-O Re8 10. Rb1 a5 11. a3 h6 12. Bxf6 Nxf6 13. h3 Ne4 14. Qc2 Nxc3
15. Qxc3 Qe7 16. b4 axb4 17. axb4 Bd7 18. b5 c5 19. dxc5 Bxc5 20. Rfe1 b6 21.
Ra1 Rec8 22. Rxa8 Rxa8 23. Ra1 Rxa1+ 24. Qxa1 Bxe3 25. Qa8+ Be8 26. fxe3 Qxe3+
27. Kh1 Qxd3 28. Qxe8+ Kh7 29. Qc6 Qe3 30. Qxd5 Qc1+ 31. Ng1 1-0

[Event "FC Ergolding 1932-SV Merseburg"]
[Site "DVM U14 in Arendsee"]
[Date "2009.12.30"]
[Round "7.2"]
[White "Schnurr, Christian"]
[Black "Knopf, Felix"]
[Result "1-0"]
[WhiteElo "1709"]
[BlackElo "1645"]
[PlyCount "111"]
[EventDate "2009.??.??"]
[WhiteTeam "FC Ergolding 1932"]
[BlackTeam "SV Merseburg"]

1. e4 c5 2. Nf3 d6 3. d4 cxd4 4. Nxd4 Nf6 5. Nc3 a6 6. f3 e6 7. Be3 h5 8. Be2
Qc7 9. O-O Nbd7 10. Qd2 Be7 11. Rad1 b6 12. Rfe1 Bb7 13. Bf2 Rc8 14. Rc1 b5 15.
Red1 b4 16. Nb1 Qb8 17. c3 d5 18. exd5 Nxd5 19. c4 N5f6 20. Qe1 O-O 21. b3 Bc5
22. Nc2 a5 23. Nd2 Rfd8 24. Nf1 Ba8 25. Bxc5 Nxc5 26. Qf2 Ncd7 27. Nd4 Ne8 28.
Rd2 Ndf6 29. Rcd1 e5 30. Nf5 Qc7 31. Bd3 e4 32. fxe4 Bxe4 33. Qe3 Bxd3 34. Ne7+
Kh8 35. Nxc8 Rxc8 36. Qxd3 Ng4 37. h3 Qb6+ 38. Qd4 Qxd4+ 39. Rxd4 Ngf6 40. Rd8
Rc5 41. Re1 g6 42. Rdxe8+ Nxe8 43. Rxe8+ Kg7 44. Rd8 Rc7 45. Rd5 Ra7 46. Ne3
Re7 47. Kf2 Ra7 48. Kf3 Kf6 49. Nc2 Ra6 50. Nd4 Ke7 51. g4 hxg4+ 52. hxg4 Kf6
53. c5 Ra7 54. c6 Ke7 55. Nb5 Ra6 56. Rd7+ 1-0

[Event "FC Ergolding 1932-SV Merseburg"]
[Site "DVM U14 in Arendsee"]
[Date "2009.12.30"]
[Round "7.3"]
[White "Hoffmann, Dustin"]
[Black "Schoepe, Tobias"]
[Result "0-1"]
[WhiteElo "1471"]
[BlackElo "1696"]
[PlyCount "64"]
[EventDate "2009.??.??"]
[WhiteTeam "SV Merseburg"]
[BlackTeam "FC Ergolding 1932"]

1. e4 c5 2. Nf3 e6 3. d4 cxd4 4. Nxd4 a6 5. Bd3 Qc7 6. O-O Nf6 7. Nc3 Be7 8.
Be3 O-O 9. Qd2 d6 10. f3 Nbd7 11. a4 b6 12. Nb3 Bb7 13. Rfe1 Rfd8 14. Qf2 Rac8
15. a5 b5 16. Kh1 d5 17. exd5 Nxd5 18. Nd2 Nxc3 19. bxc3 Qxc3 20. Bd4 Qc7 21.
Ne4 Bxe4 22. Bxe4 Bf6 23. Bb6 Nxb6 24. axb6 Bxa1 25. Rxa1 Qc3 26. Rf1 Rb8 27.
b7 f5 28. Bd3 Rxb7 29. Qe3 Re7 30. Qb6 Qc8 31. Re1 Rb7 32. Bxf5 exf5 0-1

[Event "FC Ergolding 1932-SV Merseburg"]
[Site "DVM U14 in Arendsee"]
[Date "2009.12.30"]
[Round "7.4"]
[White "Laimer, Tobias"]
[Black "Feuerherdt, Martin"]
[Result "0-1"]
[WhiteElo "1646"]
[BlackElo "1382"]
[PlyCount "70"]
[EventDate "2009.??.??"]
[WhiteTeam "FC Ergolding 1932"]
[BlackTeam "SV Merseburg"]

1. d4 d5 2. c4 e6 3. Nc3 Nf6 4. Bg5 Nbd7 5. Nf3 c6 6. e3 Qa5 7. Bxf6 Nxf6 8.
Bd3 Bb4 9. Qc2 dxc4 10. Bxc4 Nd5 11. Bxd5 exd5 12. O-O O-O 13. Ne2 Bg4 14. Ne5
Be6 15. Nf4 Bd6 16. Nfd3 Bf5 17. Qd1 Qb5 18. a4 Qb6 19. Qf3 Be4 20. Qe2 Qc7 21.
h3 Rfe8 22. f4 Qe7 23. Kh2 f6 24. g4 fxe5 25. dxe5 Bc7 26. Nf2 Qb4 27. Rfd1 c5
28. h4 h6 29. g5 hxg5 30. hxg5 Kf7 31. Kg3 Rh8 32. Nd3 Qb6 33. Qg4 Rad8 34.
Rac1 c4 35. Nf2 Qxe3+ 0-1

[Event "Sabt Frankfurter TV 1860-SC Reti Heuswei"]
[Site "DVM U14 in Arendsee"]
[Date "2009.12.30"]
[Round "7.1"]
[White "Grewenig, Jan"]
[Black "Medvedovski, Michael"]
[Result "1/2-1/2"]
[WhiteElo "1802"]
[BlackElo "1768"]
[PlyCount "45"]
[EventDate "2009.??.??"]
[WhiteTeam "SC Reti Heusweiler"]
[BlackTeam "Sabt Frankfurter TV 1860"]

1. e4 c5 2. Nf3 Nc6 3. d4 cxd4 4. Nxd4 e5 5. Nb5 d6 6. N1c3 a6 7. Na3 b5 8. Nd5
Nf6 9. Bg5 Be7 10. Bxf6 Bxf6 11. c3 O-O 12. Nc2 Rb8 13. Be2 Bg5 14. O-O Ne7 15.
Ncb4 Bb7 16. Qd3 Nxd5 17. Nxd5 Qd7 18. Rad1 Rbd8 19. h3 g6 20. Qg3 Bxd5 21.
Rxd5 Be7 22. Rfd1 Qc7 23. Qe3 1/2-1/2

[Event "Sabt Frankfurter TV 1860-SC Reti Heuswei"]
[Site "DVM U14 in Arendsee"]
[Date "2009.12.30"]
[Round "7.2"]
[White "Diyap, Murat"]
[Black "Holle, Cedric"]
[Result "1/2-1/2"]
[WhiteElo "1678"]
[BlackElo "1732"]
[PlyCount "52"]
[EventDate "2009.??.??"]
[WhiteTeam "Sabt Frankfurter TV 1860"]
[BlackTeam "SC Reti Heusweiler"]

1. e4 e6 2. d4 d5 3. exd5 exd5 4. c4 Nf6 5. Nc3 dxc4 6. Bxc4 Bf5 7. Nf3 Bd6 8.
Qb3 Qe7+ 9. Be3 c6 10. O-O O-O 11. Rfe1 b5 12. Bf1 Be6 13. Qc2 Na6 14. a3 Qd7
15. Bg5 Nd5 16. Nxd5 Bxd5 17. Ne5 Qb7 18. Nd3 Qb6 19. Be3 f5 20. g3 Be4 21.
Qb3+ Bd5 22. Qc2 Rac8 23. b4 Qd8 24. f4 Nc7 25. Ne5 Ne6 26. Bg2 Bxg2 {Rest
unklar} 1/2-1/2

[Event "Sabt Frankfurter TV 1860-SC Reti Heuswei"]
[Site "DVM U14 in Arendsee"]
[Date "2009.12.30"]
[Round "7.3"]
[White "Holle, Eric"]
[Black "Abrahamyan, Arsen"]
[Result "1-0"]
[WhiteElo "1630"]
[BlackElo "1599"]
[PlyCount "53"]
[EventDate "2009.??.??"]
[WhiteTeam "SC Reti Heusweiler"]
[BlackTeam "Sabt Frankfurter TV 1860"]

1. e4 c5 2. Nf3 a6 3. d4 cxd4 4. Nxd4 Nf6 5. f3 e5 6. Nb3 Nc6 7. c4 Bb4+ 8. Nc3
O-O 9. Be2 h6 10. O-O Qc7 11. Nd5 Nxd5 12. exd5 Na5 13. Nxa5 Bxa5 14. f4 Bb6+
15. Kh1 Bd4 16. f5 f6 17. Bd3 Kf7 18. Qh5+ Ke7 19. Qg6 Rf7 20. Be2 Qd8 21. d6+
Kxd6 22. Qxf7 Qe7 23. Qd5+ Kc7 24. Bd2 Rb8 25. c5 Kd8 26. Ba5+ Ke8 27. Bc7 1-0

[Event "Sabt Frankfurter TV 1860-SC Reti Heuswei"]
[Site "DVM U14 in Arendsee"]
[Date "2009.12.30"]
[Round "7.4"]
[White "Keller, Peter"]
[Black "Schirra, Felix"]
[Result "1/2-1/2"]
[WhiteElo "1621"]
[BlackElo "1370"]
[PlyCount "31"]
[EventDate "2009.??.??"]
[WhiteTeam "Sabt Frankfurter TV 1860"]
[BlackTeam "SC Reti Heusweiler"]

1. e4 e6 2. Nf3 d5 3. Nc3 Nf6 4. e5 Nfd7 5. d4 c5 6. dxc5 Bxc5 7. Bd3 Nc6 8.
Bf4 h6 9. Bg3 a6 10. O-O O-O 11. Re1 f6 12. exf6 Nxf6 13. Ne5 Nxe5 14. Rxe5 Bd7
15. Re1 Qb6 16. Rb1 1/2-1/2

[Event "SV Empor Erfurt-SF Paderborn 2000"]
[Site "DVM U14 in Arendsee"]
[Date "2009.12.30"]
[Round "7.1"]
[White "Hötte, Philipp"]
[Black "Urban, Lars"]
[Result "1-0"]
[WhiteElo "1836"]
[BlackElo "1808"]
[PlyCount "66"]
[EventDate "2009.??.??"]
[WhiteTeam "SF Paderborn 2000"]
[BlackTeam "SV Empor Erfurt"]

1. c4 e6 2. g3 d5 3. Bg2 Nf6 4. Nf3 b6 5. d4 Bb7 6. Nc3 c5 7. Bf4 Nc6 8. O-O
Be7 9. e3 O-O 10. cxd5 Nxd5 11. Nxd5 exd5 12. h4 Bf6 13. Ne5 cxd4 14. exd4 Rc8
15. Bh3 Ra8 16. Rc1 Bxe5 17. dxe5 Bc8 18. Bg2 Ne7 19. Bg5 Be6 20. f4 g6 21. f5
Bxf5 22. Rxf5 gxf5 23. Bf6 h6 24. Qh5 Kh7 25. Bg5 f6 26. Qxh6+ Kg8 27. exf6 Rf7
28. fxe7 Qd7 29. Re1 f4 30. Qg6+ Rg7 31. e8=Q+ Rxe8 32. Rxe8+ Qxe8 33. Qxe8+
Kh7 1-0

[Event "SV Empor Erfurt-SF Paderborn 2000"]
[Site "DVM U14 in Arendsee"]
[Date "2009.12.30"]
[Round "7.2"]
[White "Lorenz, Erik"]
[Black "Kuckling, Hannah"]
[Result "1/2-1/2"]
[WhiteElo "1576"]
[BlackElo "1647"]
[PlyCount "157"]
[EventDate "2009.??.??"]
[WhiteTeam "SV Empor Erfurt"]
[BlackTeam "SF Paderborn 2000"]

1. e4 Nf6 2. e5 Nd5 3. d4 d6 4. c4 Nb6 5. exd6 cxd6 6. Nc3 g6 7. Be3 Bg7 8. Rc1
Nc6 9. d5 Ne5 10. Be2 O-O 11. b3 Bf5 12. f4 Bh6 13. g4 Nxg4 14. Bxg4 Qd7 15. h3
e5 16. Qf3 Rae8 17. Nge2 exf4 18. Bxf4 Bxf4 19. Qxf4 Re5 20. O-O Qe7 21. Bxf5
Rxf5 22. Qe4 Re5 23. Qd4 Re8 24. Rf2 Qg5+ 25. Kh2 Re3 26. Rcf1 R8e7 27. Qf4 Qh5
28. h4 Nd7 29. Qg5 Qxg5 30. hxg5 Ne5 31. Rf4 Nd3 32. R4f3 Rxe2+ 33. Nxe2 Rxe2+
34. Kg1 Ne5 35. Rf6 Rxa2 36. Rxd6 Kf8 37. Re1 Nf3+ 38. Kf1 Nxe1 39. Kxe1 Ra1+
40. Kd2 Ke7 41. Rf6 Ra2+ 42. Kc3 Re2 43. d6+ Ke8 44. d7+ Kxd7 45. Rxf7+ Re7 46.
Rf6 Ke8 47. Kd4 Re1 48. b4 Ke7 49. Kd5 Rg1 50. Re6+ Kf7 51. Re5 Rf1 52. Kd6
Rd1+ 53. Kc7 Rd4 54. Rc5 b6 55. Rc6 Ke7 56. Kb7 a5 57. Kxb6 axb4 58. Kb5 b3 59.
Rb6 b2 60. Kc5 Rd2 61. Rb3 Rg2 62. Kd4 Rg4+ 63. Kc3 Rxg5 64. Rxb2 Rg3+ 65. Kd4
h5 66. c5 h4 67. c6 h3 68. Rh2 g5 69. Ke4 g4 70. Rd2 Rg2 71. c7 Rxd2 72. c8=Q
h2 73. Qc7+ Kf6 74. Qf4+ Ke7 75. Qc7+ Ke8 76. Qc8+ Rd8 77. Qe6+ Kf8 78. Qf6+
Ke8 79. Qe6+ 1/2-1/2

[Event "SV Empor Erfurt-SF Paderborn 2000"]
[Site "DVM U14 in Arendsee"]
[Date "2009.12.30"]
[Round "7.3"]
[White "Kuckling, Jonas"]
[Black "Schneider, Jan"]
[Result "0-1"]
[WhiteElo "1497"]
[BlackElo "1524"]
[PlyCount "72"]
[EventDate "2009.??.??"]
[WhiteTeam "SF Paderborn 2000"]
[BlackTeam "SV Empor Erfurt"]

1. d4 Nf6 2. c4 g6 3. Nc3 d5 4. Nf3 Bg7 5. Bg5 dxc4 6. e3 O-O 7. Bxc4 Nbd7 8.
O-O c5 9. Qb3 cxd4 10. Nxd4 Ne5 11. Be2 Qc7 12. h3 Nc6 13. Nf3 Be6 14. Bc4 Na5
15. Bxe6 Nxb3 16. Bxb3 Rfd8 17. Rac1 Rac8 18. Bf4 Qa5 19. Ne5 e6 20. Nc4 Qa6
21. Na3 Nh5 22. Bg5 f6 23. Bf4 Nxf4 24. exf4 Kf8 25. Rfe1 Re8 26. Nab5 f5 27.
Rc2 Bxc3 28. Nxc3 Qd6 29. g3 e5 30. Rd1 Qa6 31. fxe5 Rxe5 32. Rcd2 Rce8 33. Rd6
Re1+ 34. Kh2 Qf1 35. Rf6+ Kg7 36. Rf7+ Kh6 0-1

[Event "SV Empor Erfurt-SF Paderborn 2000"]
[Site "DVM U14 in Arendsee"]
[Date "2009.12.30"]
[Round "7.4"]
[White "Scheuch, Benjamin"]
[Black "Gehle, Philipp"]
[Result "1/2-1/2"]
[WhiteElo "1376"]
[BlackElo "1379"]
[PlyCount "125"]
[EventDate "2009.??.??"]
[WhiteTeam "SV Empor Erfurt"]
[BlackTeam "SF Paderborn 2000"]

1. e4 {[%emt 0:00:00]} e5 2. Nf3 Nf6 3. Nxe5 d6 4. Nf3 Nxe4 5. d4 Qe7 6. Qe2
Bg4 7. Be3 g6 8. h3 Bxf3 9. Qxf3 Nd7 10. Bd3 d5 11. O-O Bg7 12. Re1 O-O 13. Nd2
f5 14. Bxe4 dxe4 15. Qe2 Nb6 16. f3 f4 17. fxe4 fxe3 18. Qxe3 Qb4 19. Nb3 Qe7
20. c3 c6 21. Rad1 Rfe8 22. Qe2 Rad8 23. c4 Qe6 24. c5 Nd7 25. Qd3 Ne5 26. Qc2
Nf7 27. d5 cxd5 28. exd5 Qxe1+ 29. Rxe1 Rxe1+ 30. Kf2 Rde8 31. Qc4 R8e5 32. Qb5
Bf6 33. g3 R5e2+ 34. Qxe2 Rxe2+ 35. Kxe2 Bxb2 36. Kd3 Be5 37. d6 Nxd6 38. cxd6
Bxd6 39. g4 Kf7 40. Ke4 Ke6 41. Nd4+ Kd7 42. Kd5 a6 43. Nf3 b5 44. Ng5 h5 45.
gxh5 gxh5 46. Ne4 Be7 47. Nc5+ Bxc5 48. Kxc5 Kc7 49. h4 Kb7 50. a3 Kc7 51. Kb4
Kb6 52. Kc3 Kc5 53. Kb3 a5 54. Kc3 b4+ 55. axb4+ axb4+ 56. Kb3 Kb5 57. Kc2 Kc4
58. Kb2 Kd4 59. Kb3 Ke4 60. Kxb4 Kf4 61. Kc3 Kg4 62. Kd3 Kxh4 63. Ke2 1/2-1/2

[Event "Stader SV-SV Welper 1922"]
[Site "DVM U14 in Arendsee"]
[Date "2009.12.30"]
[Round "7.1"]
[White "Adiyaman, Rene"]
[Black "Lienau, Henrik"]
[Result "0-1"]
[WhiteElo "1636"]
[BlackElo "1707"]
[PlyCount "98"]
[EventDate "2009.??.??"]
[WhiteTeam "SV Welper 1922"]
[BlackTeam "Stader SV"]

1. e4 {[%emt 0:00:00]} c5 2. Nf3 d6 3. d4 cxd4 4. Nxd4 Nf6 5. Nc3 g6 6. f3 Bg7
7. Be3 O-O 8. Qd2 Nc6 9. O-O-O Bd7 10. Kb1 Qa5 11. h4 h5 12. Be2 Ne5 13. Rhg1
Rac8 14. Nd5 Qd8 15. Nxf6+ Bxf6 16. Bg5 Bg7 17. g4 hxg4 18. fxg4 Nc4 19. Bxc4
Rxc4 20. c3 b5 21. Qh2 b4 22. Qd2 bxc3 23. bxc3 Qc7 24. Bxe7 Rb8+ 25. Ka1 Ba4
26. Rb1 Rxb1+ 27. Rxb1 Qxe7 28. Rb8+ Kh7 29. h5 Qxe4 30. hxg6+ Kxg6 31. Ne2 d5
32. Rd8 f6 33. Rxd5 Bh6 34. Qd3 Qxd3 35. Rxd3 Rxg4 36. Rg3 Rxg3 37. Nxg3 f5 38.
Nxf5 Kxf5 39. Kb2 Ke5 40. Ka3 Bd7 41. Kb4 Kd6 42. Ka5 Be3 43. a4 Kc5 44. Ka6
Kc4 45. a5 Kxc3 46. Kb7 Kb4 47. a6 Bb5 48. Ka8 Bxa6 49. Kb8 Be2 0-1